000 00729nam a2200253 a 4500
001 13405
003 BD-JhCC
005 20230917084916.0
008 230916b20172018bg |||| ||a| 000 0 ben d
020 _a9789849193531
035 _a(BD-JhCC)13405
040 _aBD-JhCC
_dBD-JhCC
041 _abengali
082 _a922.97
_bISL 2018
100 _aইসলাম, সমর
245 _aছোটদের ইমাম বুখারী (রহ.) /
_cসমর ইসলাম।
260 _aঢাকা:
_bবইঘর;
_c2018.
300 _a64 p. :
_c22 cm.
600 _aBukhārī, Muḥammad ibn Ismāʻīl
_d810-870
650 _aBiography
650 _aHadith--Authorities
942 _2ddc
_cBK
999 _c13405
_d13405